01066 2200373 4500001002100000005001500021035002000036007000300056008004100059040001700100100001100117245007200128300003700200504003000237020002200267041000800289082001100297084001800308090002300326260004500349260004600394264004600440650001100486700002600497850001000523990002100533990002100554990002100575990001800596990001800614990002100632990002100653990001800674INLIS00000000000330320260527065623 a0010-0421000126ta260527 0  aSBPUPADbind0 aEdison1 aTambo Minangkabau :bBudaya dan Hukum Adat di Minangkabau /cEdison axv, 358 hlm. :bilus. ;c20,5 cm aBibliografi, hlm 357-358 a978-979-18327-1-7 aind a819.34 a819.34 EDI t a819.34 EDI t 10-3 aBukittinggi :bKristal Multimedia,c2010 aBukittinggi; :bKristal Multimedia,c2010 aBukittinggi; :bKristal Multimedia,c2010 4aBudaya aeditor, Harry Afianda aPUPAD a17222/Br-KAPD/12 a244/Br/KAPD/2011 a246/Br/KAPD/2011 a18429/BR/2013 a18430/BR/2013 a17221/Br-KAPD/12 a17223/Br-KAPD/12 a18427/BR.2013